| 000 | 00316 a2200133 4500 | ||
|---|---|---|---|
| 001 | 87598 | ||
| 082 | _aN-3587 | ||
| 090 |
_c41053 _d41053 |
||
| 100 | _aJunaid, Dr | ||
| 245 |
_aLinear algebra [cd] _pCAE9 CDs set _bMTH501 |
||
| 260 |
_aLahore _b2005 _cVirtual University |
||
| 500 | _aCD/DVD | ||
| 520 | _avideo library | ||
| 942 |
_aCAE NUST _kN-3587 |
||
| 999 |
_c322671 _d322671 |
||